La letra escarlata / (Record no. 78718)

MARC details
000 -LEADER
campo de control de longitud fija 00707nam a2200217 i 4500
001 - NÚMERO DE CONTROL
campo de control 78718
003 - IDENTIFICADOR DE NÚMERO DE CONTROL
campo de control ES-MaACL
005 - FECHA Y HORA DE LA ÚLTIMA TRANSACCIÓN
campo de control 20230906173807.0
007 - CAMPO FIJO DE DESCRIPCIÓN FÍSICA--INFORMACIÓN GENERAL
campo de control de longitud fija t|
008 - DATOS DE LONGITUD FIJA--INFORMACIÓN GENERAL
campo de control de longitud fija 041015s1957 sp ||||1| spa d
100 1# - ENTRADA PRINCIPAL--NOMBRE DE PERSONA
Nombre de persona Hawthorne, Nathaniel.
9 (RLIN) 62176
245 13 - MENCIÓN DEL TÍTULO
Título La letra escarlata /
Mención de responsabilidad, etc. Nathaniel Hawthorne ; [traducción de María Dolores García-Lomas].
260 ## - PUBLICACIÓN, DISTRIBUCIÓN, ETC.
Lugar de publicación, distribución, etc. Barcelona :
Nombre del editor, distribuidor, etc. Mateu,
Fecha de publicación, distribución, etc. [1957] (
Fabricante Saturno)
490 1# - MENCIÓN DE SERIE
Mención de serie La pluma
505 8# - NOTA DE CONTENIDO CON FORMATO
Nota de contenido con formato Contiene además con portada propia: El Palacio de Circe: relato
700 1# - ENTRADA AGREGADA--NOMBRE PERSONAL
Nombre de persona García-Lomas, María Dolores.
9 (RLIN) 54834
740 3# - ENTRADA AGREGADA--TÍTULO RELACIONADO/ANALÍTICO NO CONTROLADO
Título relacionado o analítico no controlado El Palacio de Circe.
830 0# - PUNTO DE ACCESO ADICIONAL DE SERIE-TÍTULO UNIFORME
Título uniforme La pluma
9 (RLIN) 183299
852 ## - LOCALIZACIÓN
Ubicación ES-MaACL
Número de control de estantería C-14417
Sublocalización o colección R.40757
Holdings
Estatus retirado Estado de pérdida Estado de daño No para préstamo Biblioteca de origen Biblioteca actual Ubicación en estantería Fecha de adquisición Fuente de adquisición Total de préstamos Signatura topográfica completa Código de barras Visto por última vez Precio de reemplazo Tipo de ítem Koha
        Biblioteca del Ateneo de Madrid Biblioteca del Ateneo de Madrid Ficheros 17/01/2008     C-14417 1082329 23/02/2023 23/02/2023 Libro impreso